000 00706cam a2200253 a 4500
001 000009011
005 20200929161449.0
008 770305s1994 sp 000 f spa d
020 _a8423311309
040 _aDO-SdBNP
_cViU
_dDLC
082 _a863.64
_bD353c, 1994
100 1 _aDelibes, Miguel,
_d1920-2010
_93297
245 1 0 _aCinco horas con Mario /
_cMiguel Delibes.
250 _a17a ed.
260 _aBarcelona :
_bDestino,
_c1994.
300 _a296 p. ;
_c18 cm.
490 1 _aDestinolibro
_v144
650 4 _aNovela española
_91123
650 4 _aLiteratura española
_9632
830 0 _aDestinolibro ;
_v144
_98086
910 _aCatalogación por copia / LC
910 _aWM
049 _aBNGR
999 _c8775
_d8775